'B' TV Character Match Quiz Stats

 Plays Quiz Updated May 13, 2018

Challenge
Share
Tweet
Score 0/25 Timer 04:00
0 Plays Today
% Correct
How I Met Your Mother
92.5%
Family Guy
90.6%
The Golden Girls
84.2%
The Big Bang Theory
81.1%
Game of Thrones
77.7%
The A-Team
76.9%
Futurama
72.7%
Home Improvement
71%
The Simpsons
68.1%
Ugly Betty
67.3%
M*A*S*H
66.5%
Desperate Housewives
66.1%
Beverly Hills, 90210
59.4%
% Correct
Scrubs
57.3%
Gossip Girl
53.3%
Two and a Half Men
51%
Parks and Recreation
48.8%
Once Upon a Time
47.5%
South Park
44.3%
Arrested Development
41.2%
Community
37.6%
True Blood
31.3%
The Walking Dead
30.9%
Reba
29.4%
The Closer
22.7%

You're not logged in!

Compare scores with friends on all Sporcle quizzes.
Join for Free
OR
Log In

You Might Also Like...

Show Comments

Extras

Top Quizzes Today


Score Distribution

Your Account Isn't Verified!

In order to create a playlist on Sporcle, you need to verify the email address you used during registration. Go to your Sporcle Settings to finish the process.

Report this User

Report this user for behavior that violates our Community Guidelines.

Details: